00969nab a22002297a 4500003000400000005001700004008004100021040000700062100002800069245005900097260004200156300001300198500003700211505017200248505008900420650002000509650001200529650002500541650002700566650002600593773012000619OSt20260201161912.0190506c xxu||||| |||| 00| 0 spa d cPJ aMorales, Mariel Andrea 13aLa mujer y el acoso laboral /cMariel Andrea Morales.  aBuenos Aires :bAbeledoPerrot,c2023. ap. 20-30 aCita: TR LALEY AR/DOC/1830/2023  aSumario: I. Introducción.— II. Acoso sexual en el trabajo.— III. El acoso laboral también es violencia de género.— IV. Conclusión.— V. Bibliografía.  t¿Te interesa el texto completo? Comunicate al correo: koha@justierradelfuego.gov.ar 0aDERECHO LABORAL 0aMOBBING 0aDERECHOS DE LA MUJER 0aDISCRIMINACION LABORAL 0aVIOLENCIA DE GÉNERO0 02751dBuenos Aires : AbeledoPerrot, 2013-tRevista de derecho laboral y seguridad social. Nº 18 - Septiembre 2023